000 00904nam a22002537i 4500
999 _c23149
_d23149
003 AR-CdUCM
008 241213b20212021 pe||||| |||| 00| 0 spa d
020 _a978-612-00-6710-9
040 _aMUNICIPALIDAD PROVINCIAL DEL CUSCO
_cBIBLIOTECA MUNICIPAL DEL CUSCO
041 _hspa
082 _a770 / V21
_bV21
100 _aValer Farfán, Amadeo
_950774
245 _aEl Qosqo Inka :
_bAlbun interpretativo /
260 _acusco :
_c2015
300 _a212 páginas. :
_c24cm.
505 _aPrincipales civilizaciones del viejo mundo -- Caral -- Kotosh -- Chavín de Huántar -- Mochica -- Tiahuanaco -- Lago Morkill-Qosqo -- Qosqo Inka
650 _aFotos temáticas cultura inca
_950888
650 _aArquitectura
_93356
650 _aPaisajes
_913142
650 _aZonas arqueológicas
_949428
650 _aSitios arqueológicos
_97688
942 _2ddc
_cLIBROS
945 _apbj
_d13-12-2024